Focus sur: Dean Thomas - Harry Potter - Statistiques

Statistiques générales
  • Ce quiz a été pris 651 fois
  • Le résultat moyen est 6 sur 7
Statistiques - réponses
Informations recherchées Réponses % Correct
Couleur des cheveux Brun
99%
Maison fréquentée Gryffondor
99%
Lieu de rencontre avec Harry Potter Poudlard
99%
Ecole fréquentée Poudlard
99%
Première apparition Harry Potter à l'école des sorciers
98%
Statut du sang Sang-Mêlé
98%
Acteur l'interprétant dans les films Alfred Enoch
30%
Aucun quiz correspondant
Distribution des résultats
% des personnes avec chaque résultat
Percentile par nombre de réponses
Votre historique - résultats
Vous n’avez pas pris ce quiz